Reconnais-tu ces drapeaux ? - Statistiques

Statistiques générales
  • Ce quiz a été pris 155 fois
  • Le résultat moyen est 14 sur 16
Statistiques - réponses
Par images Réponse % Correct
Italie
100%
Chine
99%
Grèce
99%
Maroc
99%
Suède
99%
Argentine
98%
Portugal
98%
Arabie saoudite
92%
Serbie
90%
Népal
84%
Estonie
82%
Pérou
82%
Thaïlande
81%
Arménie
79%
Émirats arabes unis
72%
Fidji
71%
Aucun quiz correspondant
Distribution des résultats
% des personnes avec chaque résultat
Percentile par nombre de réponses
Votre historique - résultats
Vous n’avez pas pris ce quiz